Análisis de circuitos eléctricos
Gespeichert in:
| 1. Verfasser: | |
|---|---|
| Weitere Verfasser: | |
| Format: | Buch |
| Sprache: | Spanish |
| Veröffentlicht: |
México : McGraw-Hill,
1983
|
| Schlagworte: | |
| Tags: |
Tag hinzufügen
Keine Tags, Fügen Sie den ersten Tag hinzu!
|
MARC
| LEADER | 00000nam a2200000Ia 4500 | ||
|---|---|---|---|
| 003 | L000583 | ||
| 005 | 20221231143936.0 | ||
| 008 | 140114s1983 mx a 000 ||spa d | ||
| 020 | |a 9682508037 | ||
| 040 | |c cru CEDI | ||
| 100 | |a Bobrow, Leonard S |9 19436 | ||
| 245 | |a Análisis de circuitos eléctricos | ||
| 260 | |a México : McGraw-Hill, |c 1983 | ||
| 300 | |a 715 páginas : ilustraciones ; 25 cm | ||
| 500 | |a Traducción y adaptación de: Elementary linear circuit analysis. | ||
| 650 | |x CIRCUITOS ELECTRICOS |x REDES ELECTRICAS |9 778 | ||
| 700 | |9 19394 |a Salas Contreras, José Refugio |d Traductor | ||
| 942 | |2 ddc |c BK | ||
| 999 | |c 14569 |d 14569 | ||



